000 00315 a2200157 4500
001 171374
020 _a
040 _cMagnum
100 _aMazzetti, Maria
240 1 0 _aPois e...
_lpor
245 1 0 _aPois e...
362 0 _a1899
440 1 _aAo Livro Técnico
697 _aIJ/FADAS, FANTASIA
942 _cBK
999 _c171374
_d171374